000 00433 a2200145 4500
999 _c2395
_d2395
020 _a9780099558989
050 _aHN 380.7A8 SHO 2013
100 _aShore, Marci
_eauthor
245 _aThe taste of ashes :
_b the afterlife of totalitarianism in eastern Europe /
_cMarci Shore
264 _aLondon :
_bWindmill Books,
_c2013
300 _axiv,370p.
500 _aa novel
650 _aSocial change
942 _2lcc
_cBK
_h380.7A8
_iSHO
_kHN